| 000 | 00000nas 2200000za 4500 |
| 001 | 9.846202 |
| 003 | CaOODSP |
| 005 | 20221107153137 |
| 007 | cr ||||||||||| |
| 008 | 171026d19921995oncar p or f0###b0fre|d |
| 040 | |aCaOODSP|bfre |
| 041 | |aeng|afre |
| 043 | |an-cn--- |
| 086 | 1 |aR32-119-PDF |
| 245 | 00|aIndian/Inuit training opportunities |h[ressource électronique] = |bPossibilités de formation pour les Indiens et les Inuit |
| 246 | 11|aPossibilités de formation pour les Indiens et les Inuit |
| 246 | 33|aIndian and Inuit training opportunities |
| 260 | |aOttawa : |bAffaires indiennes et du Nord Canada = Indian and Northern Affairs Canada, |c1992-1995. |
| 310 | |aAnnuel |
| 362 | 0 |a1992/1993-1995/1996. |
| 500 | |aÉdition numérisée de l’imprimé [par Affaires autochtones et du Nord Canada]. |
| 546 | |aTexte en anglais et en français. |
| 692 | 07|2gccst|aAutochtones |
| 692 | 07|2gccst|aFromation professionnelle |
| 710 | 1 |aCanada. |bAffaires indiennes et du Nord Canada. |
| 780 | 00|tIndian/Inuit management courses |w(CaOODSP)9.846226 |
| 791 | |tIndian/Inuit training opportunities |eeng|w(CaOODSP)9.845634 |